000 00521nam a2200169Ia 4500
005 20250423101133.0
008 250422s9999 xx 000 0 und d
020 _a0- 671- 01215- 0
050 _aCB 53 .D88/
100 _aDurant,Will
245 4 _aThe age of Louis XIV : a history of European civilization in the period of Pascal, Moliere, Cromwell, Milton, Peter the Great, Newton and Spinoza: 1648-1715
260 _aNew York
260 _bSimon and Schuster
260 _c1963
300 _a802 p
942 _cBK
999 _c35402
_d35402